Sur quelques mots relatifs à l'agriculture empruntés par les langues finno-ougriennes au proto-aryen ou à l'aryen ancien

Elmentve itt :
Bibliográfiai részletek
Szerző: Paasonen Heikki
Dokumentumtípus: Cikk
Megjelent: 1920
Sorozat:Suomalais-Ugrilaisen Seuran Aikakauskirja : Journal de la Société Finno-Ougrienne
Kulcsszavak:Finnugor nyelvek - etimológia
Tárgyszavak:
Online Access:http://misc.bibl.u-szeged.hu/65952
LEADER 00880nab a2200229 i 4500
001 misc65952
005 20230504153231.0
008 230118s1920 hu o 0|| fre d
040 |a SZTE Miscellanea Repozitórium  |b hun 
041 |a fre 
100 1 |a Paasonen Heikki 
245 1 0 |a Sur quelques mots relatifs à l'agriculture empruntés par les langues finno-ougriennes au proto-aryen ou à l'aryen ancien  |h [elektronikus dokumentum] /  |c  Paasonen Heikki 
260 |c 1920 
300 |a 1-9  |c 25 cm 
300 |a 9 p.  |c 25 cm 
490 0 |a Suomalais-Ugrilaisen Seuran Aikakauskirja : Journal de la Société Finno-Ougrienne 
561 |a Németh Gyula hagyaték 
591 |a NOU 4482 
650 4 |a Bölcsészettudományok 
650 4 |a Nyelvek és irodalom 
695 |a Finnugor nyelvek - etimológia 
856 4 0 |u http://misc.bibl.u-szeged.hu/65952/1/4482_nou.pdf  |z Dokumentum-elérés